Les personnages dans Astérix / Les autres peuples - Statistiques

Statistiques générales
  • Ce quiz a été pris 15 fois
  • Le résultat moyen est 50 sur 171
Statistiques - réponses
Mot ou expression Nom du personnage % Correct
A A mon beau-fils Egyptien Architecte Amonbofis
80%
A Afnor Animal Gardien du loch Andloll Afnor
70%
A Antrax Breton Aubergiste Antrax
70%
A Apathique Corse Chef Appatix
70%
A Arnica Picte Villageoise Arnica
70%
A Autographe Normand Guerrier Autograf
60%
A Autodidacte Breton Esclave Autodidax
50%
B Bat d'Af Normand Guerrier Batdaf
50%
B Belle gaffe Normand Guerrier Bellegaf
50%
B Bêta-carotène Cimbre Aurige Betakaroten
50%
C Calendos Grec Aurige Calendos
50%
C Calvados Grec Changeur Calvados
50%
C Carafe Normand Guerrier Caraf
50%
C Chipolata Corse Epouse de guerrier Chipolata
50%
C Cinématographe | Complétement Paf Normand Guerrier Cinématograf
50%
A Avant-scène Viking Second d'un capitaine de navire Avansen
40%
B Bathyscaphe Normand Guerrier Bathyscaf
40%
C Catalpa Picte Villageoise Catalpa
40%
C Cénotaphe Normand Guerrier Cénotaf
40%
C Chimérique Goth Légionnaire Chiméric
40%
D Dans l'axe Breton Aubergiste Danlax
40%
D Désidérata Corse Epouse de chef Désiderata
40%
E Ecotaxe Breton Aurige Ecotax
40%
E Et Paf Normand Guerrier Epaf
40%
E Epi de maïs Phénicien Marchand Epidemaïs
40%
E Epitaphe Normand Guerrier Epitaf
40%
E Erasmus Ombrien Guerrier Erasmus
40%
E Errata Corse Epouse de chef Errata
40%
F Fée Carabosse Grec Restaurateur Fécarabos
40%
F Furax Breton Aubergiste Furax
40%
G Gare Montparnasse Grec Magistrat olympique Garmonparnas
40%
G Gym Tonic Goth Aurige Gymtonic
40%
H Hérétique Corse Chef Hérettix
40%
I In vino veritas Grec Aubergiste Invinoveritas
40%
I IPSOS Grec Astrologue Ipsos
40%
I Isaïe Judéen Hiérosolymitain Isaïe
40%
J Joli thorax Breton Cousin d'Astérix Jolitorax
40%
K Carré d'as Grec Marchand Karédas
40%
K Que fait la police ? Egyptien Intendant Kefélapolis
40%
K Kérosène Aventurier Kerosen
40%
K Chloroquine Sarmates Homme au foyer Klorokine
40%
L Le Bolos Grec Journaliste Lebolos
40%
M Mach 2 Picte Villageois Mac II
40%
M Mac mini Picte Villageois Mac Mini
40%
M Mad Max Breton Aurige Madmax
40%
M Malsaine Viking Marin Malsen
40%
M Marsupilami Animal Phénomène de foire Marsupilamix
40%
M Mataf Normand Vigie Mataf
40%
M Minéralogique Corse Chef Minéralogix
40%
M Minimax Breton Aubergiste Minimax
40%
N Numéro bis Egyptien Architecte Numérobis
40%
O Obscène Viking Chef Obsen
40%
G Grosse baffe Normand Guerrier Olaf Grossebaf
40%
P Paraphe Normand Guerrier Paraf
40%
P Patologique Corse Druide Patologix
40%
S soupe à l'oignon et croûtons Ibère Enfant dit Pépé Périclès Soupalognon y Crouton
40%
P Petit sac Breton Aubergiste Petissax
40%
P Petula Clark Bretonne Londonienne Petula
40%
P Plaf Normand Guerrier Plaf
40%
P Plexiglas Grec Aubergiste Plexiglas
40%
P Pur mérinos Grec Aurige Purmérinos
40%
R Ramolli Corse Vieillard Ramollix
40%
R Relax Breton Londonien Relax
40%
R Riz pilaf Normand Guerrier Ripilaf
40%
S Sacerdoce Grec Esclave Sacerdos
40%
S Scarface Grec Conducteur de char Scarfas
40%
S soupe à l'oignon et croûtons Ibère Chef de village Soupalognon y Crouton
40%
S Sténographe Normand Guerrier Stenograf
40%
S Surtaxe Breton Londonien Surtax
40%
T Thalassothérapique Corse Chef Talassotérapix
40%
T Tour de Pise Egyptien Architecte Tourdepis
40%
T Tournevis Egyptien Scribe Tournevis
40%
T Trop poli Corse Chef Tropolix
40%
Z The big boss Breton Chef de village Zebigbos
40%
Z Zéro gluten Cimbre Aurige Zerogluten
40%
Z Zurich Helvète Banquier Zurix
40%
B Barre ovomaltine Sarmates Livreur de rondins Barovomaltine
30%
B Bidasse Breton Aubergiste Bidax
30%
C Café au lit Corse Aubergiste Caféolix
30%
C Car ferry Corse Guerrier Carferrix
30%
C C'est quand qu'on dine ? Sarmates Chaman Cékankondine
30%
C Coup de trique Goth Guerrier Coudetric
30%
C Court de tennis Egyptien Légionnaire Courdeténis
30%
D Dactylographe Normand Guerrier Dactilograf
30%
D Dansons sur le pont d'Avignon Ibère Centurion romain camouflé Dansonsurlepon y Davignon
30%
F Face de rat Breton Voleur Facederax
30%
F Figatelli Corse Chef Figatellix
30%
G Gâte-sauce Grec Cuisinier Gâtessos
30%
H Hystérique Goth Guerrier Histéric
30%
K Casse ta chopine Sarmates Bouilleur de cru Kastachopine
30%
L Lâchez le champignon et causons Ibère Vendeur de chars Lachélechampignon y Causon
30%
L Lyrique Goth Guerrier Liric
30%
M Ma clope Picte Villageois Mac Lop
30%
M Ma crampe Picte Villageois Mac Rampe
30%
M Macrobiotique Picte Villageois Mac Robiotik
30%
M Mise en plis Egyptien Scribe Misenplis
30%
M Myxomatose Grec Guide Mixomatos
30%
N Ni fait no à faire Koushite Aurige Niphéniafer
30%
O Oto-rhino-laryngologique Hibernien Villageois O'Torinolaringologix
30%
P Paléontologique Corse Vieillard Paléontologix
30%
P Passe-moi l'cric Goth Guerrier Passmoilcric
30%
P Périphérique Goth Guerrier Périféric
30%
P Petit Suisse Helvète Aubergiste Petisuix
30%
P Plaza de Toros Grec Légionnaire Plazadetoros
30%
S Salami Corse Légionnaire corse Salamix
30%
S Satyrique Goth Guerrier Satiric
30%
S Symphonique Corse Chef Sinfonix
30%
S Sot-l'y-laisse Lusitanien Aurige Solilès
30%
T Téléphérique Goth Chef goth Téléféric
30%
T Théorique Goth Guerrier Théoric
30%
T Toute une affaire Koushite Aurige Toutunafer
30%
T Tu me hérisses Egyptien Capitaine de navire Tumehéris
30%
V Violoncelliste Corse Chef Violonccellix
30%
B Big data Numide Scribe Bigdatha
20%
C Casseur de briques Goth Clochard Casseurdebric
20%
C Chlorhydrique Goth Interprète Cloridric
20%
D Duplicata Numide Chef des esclaves Duplicatha
20%
E Electrique Goth Balayeur Electric
20%
F Faut payer la taxe Breton Légionnaire Faupayélatax
20%
F Figure allégorique Goth Candidat légionnaire Figuralégoric
20%
G Gin fizz Egyptien Espion Ginfis
20%
I Hip hip hourra Breton Rugbyman Ipipourax
20%
K Qui ça ? Indien Fakir Kiçah
20%
L Les deux magots Grec Aubergiste Lédeumagos
20%
M Ma 4L Picte Villageois Mac Atrell
20%
M Ma caille Picte Villageois Mac Aye
20%
N Neuilly-sur-Seine Viking Marin Neuillisursen
20%
O Ô Catarinetta bella, tchi-tchi Corse Chef Ocatarinetabellatchitchix
20%
O Hausse du SMIC Goth Journaliste Osdusmic
20%
O Austerlitz Corse Chef Osterlix
20%
P Pataquès Lusitanien Aurige Pataquès
20%
P Pourquoi pas ? Indien Dresseur d'éléphants Pourkoipah
20%
R Shéharazade Indienne Princesse Rahazade
20%
S Soeur Anne Indienne Dame d'honneur Seurhane
20%
C C'est quoi ça ? Indien Rajah Cékouhaça
10%
C Croque-mitaine Grec Président du Sénat olympique Croquemithène
10%
H Y'a pas d'os Atlante Grand prêtre Hyapados
10%
M Ma gueule Picte Villageois Mac Keul
10%
M Ma coloc Picte Villageois Mac Oloch
10%
M Ma crise Picte Villageois Mac Reese
10%
M Mastoc Picte Villageois Mac Stock
10%
O Au goût guimauve Sarmates Aurige Ogougimov
10%
P Parlons bas Corse Aubergiste Parlomba
10%
P Plein de tics Corse Chef Plaindetix
10%
T Toon Extra-terrestre Habitant de la planète Tadsylwine Toune
10%
T Trop d'excès de collagène Grec Voyageur Trodéxès de Collagène
10%
T Trop de taf Normand Aurige Trodtaf
10%
C Camomille Picte Villageoise Camilla
0%
G Gaz-turbine Sarmates Doyen Garozépine
0%
P Je n'osais pas y aller Judéen Éphratien Josué Pazihalé
0%
K Kalachnikov Sarmates Jeune femme Kalachnikovna
0%
K Qui voilà ? Indien Gourou Kiwoalah
0%
K Comme aux narines Sarmates Menuisier Kolonarine
0%
K Krakatoa Sarmates Amazone Krakatovna
0%
L Lobotomie Sarmates Enfant Lobotovna
0%
M Macchabée Picte Villageois Mac Abbeh
0%
M Mécanothérapique Picte Villageois Mac Anotérapix
0%
M Maman Picte Villageoise Mac Mamah
0%
M Ma quenotte Picte Villageois Mac Quenoth
0%
M Mamie Nova Sarmates Chef des Amazones Maminovna
0%
M Merci qui ? Indien Fakir Mercikhi
0%
N Manga Extra-terrestre Habitant de la planète Gmana Nagma
0%
O OK Boss Grec Lutteur Okéibos
0%
O All you need is love Sarmates Aurige Olyunidislov
0%
P Pas de fric Goth Guerrier Pasdfric
0%
S Sans son plus de chorus Judéen Vendeur d'huile de roche Samson Pludechorus
0%
P Ca eut payé Judéen Guide Saül Péhyé
0%
S Spartacus Grec Galérien Spartakis
0%
S Ski nautique Corse Maquisard Squinotix
0%
Z Zoo de Vincennes Animal Chien Zoodvinsen
0%
Aucun quiz correspondant
Distribution des résultats
% des personnes avec chaque résultat
Percentile par nombre de réponses
Votre historique - résultats
Vous n’avez pas pris ce quiz